Tribhuvan University Central Library

Analytical geometry of three dimensions (Record no. 83545)

MARC details
000 -LEADER
fixed length control field 00467nam a2200169 4500
008 - FIXED-LENGTH DATA ELEMENTS--GENERAL INFORMATION
fixed length control field 180905b xxu||||| |||| 00| 0 eng d
020 ## - INTERNATIONAL STANDARD BOOK NUMBER
International Standard Book Number 0486453138
082 ## - DEWEY DECIMAL CLASSIFICATION NUMBER
Classification number 516.3
Item number M137a
100 ## - MAIN ENTRY--PERSONAL NAME
Personal name McCrea, William H.
245 ## - TITLE STATEMENT
Title Analytical geometry of three dimensions
250 ## - EDITION STATEMENT
Edition statement 2nd ed.
260 ## - PUBLICATION, DISTRIBUTION, ETC.
Place of publication, distribution, etc. New York:
Name of publisher, distributor, etc. Dover Publications,
Date of publication, distribution, etc. 2006
300 ## - PHYSICAL DESCRIPTION
Extent Vii, 144p. illus.
504 ## - BIBLIOGRAPHY, ETC. NOTE
Bibliography, etc. note Bibliography: p. 142
650 ## - SUBJECT ADDED ENTRY--TOPICAL TERM
Topical term or geographic name entry element Geometry, Analytic
942 ## - ADDED ENTRY ELEMENTS (KOHA)
Source of classification or shelving scheme Dewey Decimal Classification
Koha item type General Collections
Holdings
Withdrawn status Lost status Source of classification or shelving scheme Damaged status Not for loan Home library Current library Shelving location Date acquired Total Checkouts Full call number Barcode Date last seen Price effective from Koha item type
    Dewey Decimal Classification     Tribhuvan University Central Library Tribhuvan University Central Library New Building 09/05/2018   516.3 M137a 151657 09/05/2018 09/05/2018 General Collections